LEADER 01667nam 2200361 n 450 001 996394599103316 005 20200824120629.0 035 $a(CKB)3810000000009105 035 $a(EEBO)2248497718 035 $a(UnM)99827636e 035 $a(UnM)99827636 035 $a(EXLCZ)993810000000009105 100 $a19950306d1674 uy | 101 0 $aeng 135 $aurbn||||a|bb| 200 14$aThe charitale [sic] Christian or, A word of comfort from the God of comfort, to such as are truly poor$b[electronic resource] $eAnd a word of Christian counsel and advice to such as are worldly rich, stirring them up to the Christian duty and practice of charity. With some powerful motives and perswasions thereunto, drawn from the VVord of God, to convince men of the necessity of this Christian duty; vvith the sore evils and calamities which are threatn[e]d in the Word of God against unmerciful men. Published by a lover of hospitality 210 $aLondon $cprinted by E.C. for W.T. and are to be sold by John Hose over against Staple-Inn in Holbourn$d1674 215 $a[22] p 300 $a"Lover of hospitality" = John Hart. 300 $aSignatures: A B⁴ (-A1, blank?). 300 $aReproduction of the original in the British Library. 330 $aeebo-0018 606 $aCharity$vEarly works to 1800 615 0$aCharity 700 $aHart$b John$cD.D.$0195672 801 0$bCu-RivES 801 1$bCu-RivES 801 2$bCStRLIN 801 2$bWaOLN 906 $aBOOK 912 $a996394599103316 996 $aThe charitale Christian or, A word of comfort from the God of comfort, to such as are truly poor$92315172 997 $aUNISA